Central Library OPAC University of Rajshahi

The development of Germany as a world power : (Record no. 36304)

MARC details
000 -LEADER
fixed length control field 01453nam a22003012 4500
001 - CONTROL NUMBER
control field 36304
003 - CONTROL NUMBER IDENTIFIER
rucl marc code BD-RjUL
005 - DATE AND TIME OF LATEST TRANSACTION
control field 20211209052452.0
008 - FIXED-LENGTH DATA ELEMENTS--GENERAL INFORMATION
fixed length control field 140619s1910 xx 000 0 eng
035 ## - SYSTEM CONTROL NUMBER
System control number (BD-RjUL)36401
-- OCLC ocm02605220 from D970501M
040 ## - CATALOGING SOURCE
Original cataloging agency DLC
Transcribing agency OHI
Modifying agency BD-RjUL
Language of cataloging eng
041 ## - LANGUAGE CODE
Language code of text/sound track or separate title eng
082 ## - DEWEY DECIMAL CLASSIFICATION NUMBER
Classification number 943
Author mark and year AMD 1910
110 2# - MAIN ENTRY--CORPORATE NAME
Corporate name or jurisdiction name as entry element American Academy of Political and Social Science.
9 (RLIN) 4440
245 14 - TITLE STATEMENT
Title The development of Germany as a world power :
Remainder of title introductory address /
Statement of responsibility, etc. by Hon. Charlemagne Tower, former ambassador of the United States to Germany; address, by Count J. H. von Bernstorff, ambassador extraordinary and plenipotentiary of Germany to the United States. Session of the American academy of political and social science...November 6, 1909.
260 ## - PUBLICATION, DISTRIBUTION, ETC. (IMPRINT)
Place of publication, distribution, etc. Philadelphia :
Name of publisher, distributor, etc. The American academy of political and social science,
Date of publication, distribution, etc. 1910.
300 ## - PHYSICAL DESCRIPTION
Pagination 14 p. ;
Size 26 cm.
490 1# - SERIES STATEMENT
Series statement Supplement to the Annals of the American Academy of Political and Social Science ;
Volume/sequential designation January 1910
651 #0 - SUBJECT ADDED ENTRY--GEOGRAPHIC NAME
Geographic name Germany
General subdivision History
Chronological subdivision 1871-
9 (RLIN) 110482
Geographic name Germany
General subdivision Economic conditions.
9 (RLIN) 110483
700 1# - ADDED ENTRY--PERSONAL NAME
Personal name Tower, Charlemagne,
Dates associated with a name 1848-1923.
Personal name Bernstorff, Johann Heinrich,
Dates associated with a name 1862-1939.
830 #0 - SERIES ADDED ENTRY--UNIFORM TITLE
Volume number/sequential designation January 1910
830 #0 - SERIES ADDED ENTRY--UNIFORM TITLE
Uniform title Supplement to the Annals of the American Academy of Political and Social Science ;
942 ## - ADDED ENTRY ELEMENTS (KOHA)
Source of classification or shelving scheme Dewey Decimal Classification
Koha item type Books
Holdings
Lost status Source of classification or shelving scheme Damaged status Not for loan Collection code Permanent Location Current Location Shelving location Date acquired Source of acquisition Total Checkouts Full call number Date last seen Copy number Koha item type
  Dewey Decimal Classification   Not For Loan Non-fiction Central Library, University of Rajshahi Central Library, University of Rajshahi Reading Room 26/01/1957 B. H. Blackwell   943 AMD 1910 19/06/2014 C-1 Books